Transportation engineering : planing and design /
This book is about: Introduction to transportation systems; Operation and control of transportation vehicles; Transportation planning; Design of land transportation facilities; Design of air transportation facilities; Design of water transportation facilities.
Uloženo v:
| Hlavní autor: | |
|---|---|
| Další autoři: | , |
| Médium: | Kniha |
| Jazyk: | English |
| Vydáno: |
New York :
John Wiley and Sons,
1998.
|
| Vydání: | 4th ed. |
| Témata: | |
| Tagy: |
Přidat tag
Žádné tagy, Buďte první, kdo otaguje tento záznam!
|
| Thư viện lưu trữ: | Mạng thư viện Đại học Đà Nẵng |
|---|
| LEADER | 01535cam a2200397 i 4500 | ||
|---|---|---|---|
| 001 | 000049041 | ||
| 003 | 8769 | ||
| 005 | 20180103105624.0 | ||
| 008 | 010324b1998 vm 000 eng | ||
| 020 | |a 0471173967 | ||
| 040 | |a LRCC |c LRCC |d LRCC | ||
| 041 | 0 | |a eng | |
| 082 | 1 | 4 | |a 629.04 |b WR-P |
| 100 | 1 | |a Wright, Paul H. | |
| 245 | 0 | 0 | |a Transportation engineering : |b planing and design / |c Paul H. Wright, Norman J. Ashford, Robert J. [i.e. E.] Stammer. |
| 250 | |a 4th ed. | ||
| 260 | |a New York : |b John Wiley and Sons, |c 1998. | ||
| 300 | |a 680 p. ; |c 25.5cm. | ||
| 520 | 3 | |a This book is about: Introduction to transportation systems; Operation and control of transportation vehicles; Transportation planning; Design of land transportation facilities; Design of air transportation facilities; Design of water transportation facilities. | |
| 630 | 0 | 4 | |a Transportation engineering. |
| 650 | 0 | 4 | |a Transportation engineering. |
| 650 | 0 | 4 | |a Civil engineering. |
| 700 | 1 | |a Ashford, Norman J. | |
| 700 | 1 | |a Stammer, Robert J. | |
| OWN | |a DUT | ||
| AVA | |a UDN50 |b DUT |c Book |d 629.04 WR-P |e available |t Error 5001 Not defined in file expand_doc_bib_avail. |f 1 |g 0 |h N |i 0 |j SH |k 1 | ||
| 999 | |a From the UDN01 | ||
| AVA | |a UDN50 |b DUT |c Book |d 629.04 WR-P |e available |t Error 5001 Not defined in file expand_doc_bib_avail. |f 1 |g 0 |h N |i 0 |j SH |k 1 | ||
| TYP | |a Monograph | ||
| TYP | |a Printed language | ||
| 980 | |a Mạng thư viện Đại học Đà Nẵng | ||


